Estudio de prefactibilidad para la creación de la empresa de Transporte Privados y Servicios Varios NICATRANSOLUTION
El presente estudio estará enfocado a analizar la factibilidad para crear una empresa de transportes de servicio de taxi en el municipio de Managua, eficiente, con una mejora notoria, conductores idóneos e integrados bajo una cultura de servicio al cliente y la satisfacción óptima de la necesida...
| Main Authors: | , , |
|---|---|
| Other Authors: | |
| Format: | Tesis Section = Libro |
| Language: | Undetermined Spanish |
| Published: |
Managua
UNI-IES
2019
|
| Subjects: |
| LEADER | 01291nam a2200289Ia 4500 | ||
|---|---|---|---|
| 008 | 240830s9999 xx 000 0 und d | ||
| 040 | |a BIBLIOTECA-RUPAP Mon 658.11 C149 | ||
| 041 | |a spa | ||
| 082 | |a Mon 658.11 C149 | ||
| 100 | 1 | |a Calero Martínez , Carlos Alberto | |
| 100 | 1 | |b Flores Gutiérrez, Juan Carlos | |
| 100 | 1 | |c Barrera Reyes, Jesieth Desireet | |
| 245 | 1 | 0 | |a Estudio de prefactibilidad para la creación de la empresa de Transporte Privados y Servicios Varios NICATRANSOLUTION |
| 260 | |a Managua |b UNI-IES |c 2019 | ||
| 300 | |a 173 p. :il. | ||
| 500 | |a Contiene: anexos y CD. | ||
| 502 | |a Tesis (Ingeniero de Sistemas)- UNI, 2019. | ||
| 520 | 3 | |a El presente estudio estará enfocado a analizar la factibilidad para crear una empresa de transportes de servicio de taxi en el municipio de Managua, eficiente, con una mejora notoria, conductores idóneos e integrados bajo una cultura de servicio al cliente y la satisfacción óptima de la necesidad de todos los usuarios que atiendan. | |
| 650 | 7 | |a NUEVOS NEGOCIOS-MANAGUA -NICARAGUA | |
| 650 | 7 | |b ESTUDIOS DE FACTIBILIDAD | |
| 650 | 7 | |c ESTUDIO DE MERCADO | |
| 650 | 7 | |d ESTUDIO FINANCIERO | |
| 650 | 7 | |e VENTAS | |
| 700 | 1 | |a Tutor: |b Selva Mendoza, Mario José | |
| 942 | |c BK |2 ddc | ||
| 991 | |a TESIS | ||
| 999 | |c 16868 | ||